[Event "Krasnodar 11"]
[Site "Krasnodar"]
[Date "2004.11.??"]
[Round "5"]
[White "Fomichenko, Eduard"]
[Black "Razenkov, Mikhail"]
[Result "1-0"]
[WhiteElo "2407"]
[BlackElo "2229"]
[PlyCount "131"]
[EventDate "2004.11.??"]
[EventType "swiss"]
[EventRounds "11"]
[EventCountry "RUS"]
[SourceTitle "EXT 2006"]
[Source "ChessBase"]
[SourceDate "2005.11.24"]
[SourceVersion "1"]
[SourceVersionDate "2005.11.24"]
[SourceQuality "1"]

1. d4 d5 2. Nf3 Nf6 3. c4 e6 4. g3 Be7 5. Bg2 c6 6. 0-0 0-0 7. Qc2 Nbd7 8. b3 Re8 9. Nc3 Bd6 10. e4 dxe4 11. Ng5 Be7 12. Rd1 Qa5 13. Ngxe4 Nxe4 14. Bxe4 Nf6 15. Bf3 Bd7 16. Bf4 Rac8 17. Be5 b5 18. g4 Rf8 19. Be2 bxc4 20. bxc4 c5 21. dxc5 Rxc5 22. Bd4 Rc7 23. Qd2 Bb4 24. a3 Bxc3 25. Bxc3 Qa4 26. Bxf6 gxf6 27. Qf4 Qc6 28. Qxf6 Qe4 29. Bf3 Qg6 30. Qxg6+ hxg6 31. Rac1 Ba4 32. Rd4 Rc5 33. Rb1 a5 34. Rb7 Rfc8 35. Rf4 Be8 36. Ra7 e5 37. Rf6 Rxc4 38. Rxa5 e4 39. Be2 Rc2 40. Bb5 Kg7 41. Rf4 R2c5 42. a4 Re5 43. Ra7 g5 44. Rf5 Rxf5 45. gxf5 Bxb5 46. axb5 Rb8 47. Ra5 Kf6 48. Kg2 Kxf5 49. b6+ Kf4 50. Rb5 Rb7 51. h3 f6 52. Kh2 g4 53. h4 g3+ 54. fxg3+ Kf3 55. Rf5+ Ke2 56. Rxf6 e3 57. Kg2 Ke1 58. g4 e2 59. g5 Re7 60. Rc6 Rd7 61. Re6 Kd1 62. g6 e1Q 63. Rxe1+ Kxe1 64. Kf3 Kd2 65. h5 Kd3 66. h6 1-0

[Event "Krasnodar 11"]
[Site "Krasnodar"]
[Date "2004.11.??"]
[Round "2"]
[White "Mokhna, Natalia"]
[Black "Razenkov, Mikhail"]
[Result "1/2-1/2"]
[WhiteElo "2184"]
[BlackElo "2229"]
[PlyCount "92"]
[EventDate "2004.11.??"]
[EventType "swiss"]
[EventRounds "11"]
[EventCountry "RUS"]
[SourceTitle "EXT 2006"]
[Source "ChessBase"]
[SourceDate "2005.11.24"]
[SourceVersion "1"]
[SourceVersionDate "2005.11.24"]
[SourceQuality "1"]

1. e4 e5 2. Nf3 Nc6 3. Bc4 Bc5 4. c3 Nf6 5. d3 d6 6. Nbd2 a6 7. Bb3 Qe7 8. 0-0 h6 9. Nc4 Bg4 10. h3 Bh5 11. Ne3 Bxe3 12. fxe3 g5 13. g4 Bg6 14. Rf2 0-0-0 15. Ba4 Nb8 16. c4 h5 17. Nh2 hxg4 18. hxg4 Rh4 19. Qf3 Nbd7 20. Bd2 Rdh8 21. Raf1 c6 22. Bc2 Qe6 23. Rg2 Rh3 24. Qe2 R8h6 25. Rf3 Bh7 26. Rxh3 Rxh3 27. Nf3 Qe7 28. Nxg5 Rh6 29. Nf3 Ne8 30. Rh2 Rxh2 31. Qxh2 Bg6 32. Qh4 Qf8 33. Qg5 Ng7 34. Nh4 Ne6 35. Nxg6 Nxg5 36. Nxf8 Nxf8 37. Kg2 Nfe6 38. b4 b6 39. Kg3 c5 40. Bd1 Kd8 41. Kh4 Ke7 42. Kh5 f6 43. a4 cxb4 44. Bxb4 a5 45. Bc3 Nc5 46. Bc2 Kf7 1/2-1/2

[Event "Krasnodar 11"]
[Site "Krasnodar"]
[Date "2004.11.??"]
[Round "11"]
[White "Piskunov, Yury"]
[Black "Razenkov, Mikhail"]
[Result "1/2-1/2"]
[WhiteElo "2228"]
[BlackElo "2229"]
[PlyCount "70"]
[EventDate "2004.11.??"]
[EventType "swiss"]
[EventRounds "11"]
[EventCountry "RUS"]
[SourceTitle "EXT 2006"]
[Source "ChessBase"]
[SourceDate "2005.11.24"]
[SourceVersion "1"]
[SourceVersionDate "2005.11.24"]
[SourceQuality "1"]

1. e4 c5 2. Nf3 Nc6 3. d4 cxd4 4. Nxd4 Nf6 5. Nc3 Qc7 6. Be3 a6 7. Be2 e6 8. 0-0 Be7 9. f4 d6 10. Kh1 Bd7 11. Qe1 0-0 12. Qg3 Rac8 13. Rae1 b5 14. a3 Qb8 15. Bd3 Ne8 16. Nf3 Na5 17. e5 Nc4 18. Bd4 d5 19. Nd1 b4 20. axb4 Qxb4 21. Re2 Qb7 22. Ng5 Bxg5 23. Qxg5 f6 24. exf6 Nxf6 25. f5 e5 26. Bxe5 Nxe5 27. Rxe5 Bb5 28. Rfe1 Rc7 29. Bxb5 Qxb5 30. Qd2 Rd7 31. Qe2 Qxe2 32. R5xe2 Ne4 33. c4 Rxf5 34. cxd5 Rfxd5 35. Rxe4 Rxd1 1/2-1/2

[Event "Krasnodar II"]
[Site "Krasnodar"]
[Date "2003.??.??"]
[Round "?"]
[White "Razenkov, Mikhail"]
[Black "Stambulian, Arsen"]
[Result "0-1"]
[WhiteElo "2302"]
[BlackElo "2453"]
[PlyCount "64"]
[EventDate "2003.??.??"]
[EventType "tourn"]
[EventRounds "13"]
[EventCountry "RUS"]
[EventCategory "5"]
[SourceTitle "EXT 2005"]
[Source "ChessBase"]
[SourceDate "2004.11.15"]
[SourceVersion "1"]
[SourceVersionDate "2004.11.15"]
[SourceQuality "1"]

1. e4 d6 2. d4 Nf6 3. Nc3 g6 4. f4 Bg7 5. Nf3 0-0 6. Bd3 Nc6 7. 0-0 e5 8. d5 Nd4 9. fxe5 dxe5 10. Bg5 Bg4 11. Be2 Nxe2+ 12. Qxe2 h6 13. Bh4 Qd6 14. Qe3 Bd7 15. h3 Nh5 16. Nd2 f5 17. Rae1 b5 18. a3 a5 19. Kh1 b4 20. Ne2 f4 21. Qd3 g5 22. Bf2 Qg6 23. Nf3 Rf7 24. axb4 axb4 25. Qc4 Rb8 26. Ra1 g4 27. hxg4 Qxg4 28. Nh2 Qg6 29. c3 Nf6 30. Ra6 Qxe4 31. Qxe4 Nxe4 32. Nc1 Nd2 0-1

[Event "Krasnodar II"]
[Site "Krasnodar"]
[Date "2003.??.??"]
[Round "?"]
[White "Rjabzev, Konstantin"]
[Black "Razenkov, Mikhail"]
[Result "1-0"]
[WhiteElo "2315"]
[BlackElo "2302"]
[PlyCount "99"]
[EventDate "2003.??.??"]
[EventType "tourn"]
[EventRounds "13"]
[EventCountry "RUS"]
[EventCategory "5"]
[SourceTitle "EXT 2005"]
[Source "ChessBase"]
[SourceDate "2004.11.15"]
[SourceVersion "1"]
[SourceVersionDate "2004.11.15"]
[SourceQuality "1"]

1. e4 c5 2. Nf3 Nc6 3. d4 cxd4 4. Nxd4 Nf6 5. Nc3 Qc7 6. Be3 a6 7. Bd3 Nxd4 8. Bxd4 e5 9. Be3 Bb4 10. Bd2 d6 11. 0-0 Bc5 12. Bg5 Be6 13. Qf3 Nd7 14. Qg3 f6 15. Bd2 g5 16. Nd5 Qd8 17. Bc4 Kf7 18. Qf3 g4 19. Qe2 b5 20. Bb3 h5 21. Kh1 Nb6 22. Ba5 Rb8 23. Nb4 Qc8 24. Bxb6 Bxb4 25. Bxe6+ Qxe6 26. Be3 Rbc8 27. c3 Bc5 28. Rfd1 Rhd8 29. Rd5 Rc6 30. Rad1 Rdc8 31. Kg1 R8c7 32. Qd2 Kg6 33. Qd3 h4 34. Bxc5 dxc5 35. h3 Rg7 36. Kh2 c4 37. Qe2 Kh6 38. Qe3+ Kh5 39. Rd8 Kg6 40. Rh8 Rh7 41. Rdd8 Rcc7 42. Rde8 Rce7 43. Ref8 Ref7 44. Qc5 Rd7 45. Rfg8+ Rdg7 46. Qf8 Qd7 47. Rxh7 Kxh7 48. Qxg7+ Qxg7 49. Rxg7+ Kxg7 50. hxg4 1-0